Racing Club de Lens 2022/2023 - Statistiques

Statistiques générales
  • Ce quiz a été pris 215 fois
  • Le résultat moyen est 17 sur 29
Statistiques - réponses
Indice Réponse % Correct
Gardien Brice Samba
99%
Entraîneur Franck Haise
94%
Défenseur Kevin Danso
94%
Défenseur Facundo Medina
92%
Attaquant Lois Openda
92%
Milieu de terrain Seko Fofana
92%
Attaquant Florian Sotoca
90%
Défenseur Jonathan Gradit
89%
Défenseur Przemyslaw Frankowski
83%
Milieu de terrain Salis Abdul Samed
78%
Défenseur Deiver Machado
77%
Milieu de terrain Adrien Thomasson
75%
Défenseur Massadio Haidara
74%
Attaquant Wesley Said
72%
Milieu de terrain Angelo Fulgini
67%
Défenseur Jimmy Cabot
57%
Milieu de terrain Jean Onana
51%
Défenseur Julien Le Cardinal
46%
Attaquant Adam Buksa
44%
Milieu de terrain Lukasz Poreba
44%
Milieu de terrain Alexis Claude-Maurice
41%
Défenseur Steven Fortes
37%
Attaquant Remi Labeau
32%
Milieu de terrain David Costa
30%
Défenseur Ismael Boura
28%
Défenseur Christopher Wooh
20%
Milieu de terrain Patrick Berg
17%
Milieu de terrain Gael Kakuta
14%
Attaquant Ignatius Ganago
9%
Aucun quiz correspondant
Distribution des résultats
% des personnes avec chaque résultat
Percentile par nombre de réponses
Votre historique - résultats
Vous n’avez pas pris ce quiz